| 000 | 00520nam a22001937a 4500 | ||
|---|---|---|---|
| 005 | 20260604151617.0 | ||
| 010 | _aENG-148754 | ||
| 020 |
_a9788195680696 _c1200.00 |
||
| 035 | _aEN-132286 | ||
| 037 | _bDBAD | ||
| 082 | 1 | 4 | _a954 |
| 100 | _aSen, Ranjit | ||
| 245 |
_aWhen Was India A Nation?/ _cRanjit Sen |
||
| 250 | _a1 | ||
| 260 |
_aKolkata _bThe Asiatic Society _c2022 |
||
| 270 |
_a1, Park Street _bKolkata _cWest Bengal _e700 016 |
||
| 300 |
_a324p. _c25cm (Hb) |
||
| 942 |
_cEN _2ddc _mSEN _h954 |
||
| 999 |
_c216505 _d216505 |
||